000 00738nam a2200241Ia 4500
003 OSt
005 20220918171500.0
006 a|||||r|||| 00| 0
007 ta
008 220917b |||||||| |||| 00| 0 eng d
020 _a9781844574230
_c4767
024 _a259,290
037 _b33857, 13/01/2012, Segment Book Distributors
_cTextual
040 _aARTS
_cARTS
_beng
041 _2eng
_aeng
082 _aNW56,N5, Q1
100 _aGrieverson Lee Ed.
_936887
245 0 _aFilm and the end of empire
260 _aLondon
_bPalgrave Macmillan UK
_c2011
300 _axvi,302p.
_ccm.
942 _hNW56,N5, Q1
_cTEXL
_2CC
999 _c139776
_d139776